00295pab a2200121 454500008004000000100001600040245003900056260000900095300001300104362001100117650002500128773002000153180718b2009 xxu||||| |||| 00| 0 eng d aVinay Kumar aDesign pedagogy: shaping the world c2009 ap.20-22. a12 Oct aEducational sciences aUniversity News